Линии радиосвязи ионосферного рассеяния и метеорного отражения: учебное пособие; выпуск 5

Библиографические подробности
Главный автор: Короткий Г. Г. Генри Григорьевич
Автор-организация: Всесоюзный заочный электротехнический институт связи
Язык:русский
Опубликовано: Москва, Изд-во ВЗЭИС, 1971
Предметы:
Формат: Книга
Запись в KOHA:https://koha.lib.tpu.ru/cgi-bin/koha/opac-detail.pl?biblionumber=101434

MARC

LEADER 00000nam0a2200000 4500
001 101434
005 20231101214351.0
035 |a (RuTPU)RU\TPU\book\109320 
090 |a 101434 
100 |a 20060911d1971 m y0rusy50 ca 
101 0 |a rus 
102 |a RU 
105 |a a j 001zy 
200 1 |a Линии радиосвязи ионосферного рассеяния и метеорного отражения  |e учебное пособие  |f Г. Г. Короткий  |g Всесоюзный заочный электротехнический институт связи  |h выпуск 5 
210 |a Москва  |c Изд-во ВЗЭИС  |d 1971 
215 |a 41 с.  |c ил. 
320 |a Библиография в конце книги. 
610 1 |a ионосфера 
610 1 |a рассеяние 
610 1 |a отражение 
610 1 |a радиосвязь 
610 1 |a радиоволны 
610 1 |a пособия для заочников 
675 |a 621.396.43(02)  |v 3 
700 1 |a Короткий  |b Г. Г.  |g Генри Григорьевич 
712 0 2 |a Всесоюзный заочный электротехнический институт связи  |2 stltpush  |3 (RuTPU)RU\TPU\col\8876  |9 24619 
801 1 |a RU  |b 63413507  |c 20060911  |g PSBO 
801 2 |a RU  |b 63413507  |c 20070305  |g PSBO 
942 |c BK